000 00932cam a2200277 | 4500
999 _c4124
_d4124
003 ALUPE UNIVERSITY COLLEGE
005 20220318073824.0
008 060976s1975 stk x 0 eng
020 _a0443014000
040 _cALUPE UNIVERSITY COLLEGE
049 _aaeu
050 0 _aRC 694
_b.V46 1975
090 0 0 _aRC 694.3 V46 1975
_bAEU
245 0 0 _aVenous thrombo-embolic disease;
_basymposium held at the William Robertson Building, University of Edinburgh.
_cEditors: C. Vaughan Ruckley, Iain M. C. Macintyre.
260 _aEdinburgh,
_bChurchill Livinstone,
_c1975.
300 _a255 p.
_bill.
_c24 cm.
336 _atext
_btxt
_2rdacontent
337 _aunmediated
_bn
_2rdamedia
338 _avolume
_bnc
_2rdacarrier
583 1 _5AEU
650 0 _aThromboembolism
_vCongresses.
650 0 _aBlood-vessels
_vCongresses.
700 1 _aRuckley, C. Vaughan.
700 1 _aMacintyre, Iain M. C.
942 _2lcc
_cBK
_nPW